书目信息 |
| 题名: |
中国近代史词典
|
|
| 作者: | 陈旭麓 主编 | |
| 分册: | ||
| 出版信息: | 上海 上海辞书出版社 1982.10 |
|
| 页数: | 863页 | |
| 开本: | 20cm | |
| 丛书名: | ||
| 单 册: | ||
| 中图分类: | K25-61 | |
| 科图分类: | ||
| 主题词: | 中国--历史--1840~1949--词典 | |
| 电子资源: | ||
| ISBN: | ||
| 000 | 00569nam0 2200193 45 | |
| 001 | 0312221749 | |
| 005 | 20070731162312.40 | |
| 010 | @b精装@dCNY3.45 | |
| 091 | @a17187.82 | |
| 100 | @a20031222d1982 km y0chiy0120 ea | |
| 101 | @achi | |
| 200 | 1 | @a中国近代史词典@AZhong Guo Jin Dai Shi Ci Dian@f陈旭麓等主编@Fchen xu lu deng zhu bian |
| 210 | @a上海@c上海辞书出版社@d1982.10 | |
| 215 | @a863页@d20cm | |
| 606 | 0 | @a中国@x历史@z1840~1949@x词典 |
| 690 | @aK25-61@v3 | |
| 701 | 0 | @a陈旭麓@Achen xu lu@4主编 |
| 801 | @aCN@bTSTCL@c20070731 | |
| 905 | @dK25-61@e37@f1@b215894 | |
| 中国近代史词典/陈旭麓等主编.-上海:上海辞书出版社,1982.10 |
| 863页;20cm |
| ISBN (精装):CNY3.45 |
| ● |
| 相关链接 |
|
|
|
|
正题名:中国近代史词典
索取号:K25-61/37
 
预约/预借
| 序号 | 登录号 | 条形码 | 馆藏地/架位号 | 状态 | 备注 |
| 1 | 0121041 | 000063709 | 第二样本阅览室/ [索取号:K25-61/37] | 在馆 | |
| 2 | 0215894 | 000810215 | 工具书阅览室/ [索取号:K25-61/37] | 在馆 | |
| 3 | 0421783 | 204217837 | 密集书库/ [索取号:K25-61/37] | 在馆 | |
| 4 | 0421784 | 204217846 | 密集书库/ [索取号:K25-61/37] | 在馆 | |
| 5 | 0436410 | 204364106 | 密集书库/ [索取号:K25-61/37] | 在馆 | |
| 6 | 0444491 | 204444912 | 密集书库/ [索取号:K25-61/37] | 在馆 | |
| 7 | 0790173 | 207901733 | 密集书库/ [索取号:K25-61/37] | 在馆 |